Lab manual A+ guide to hardware : (Record no. 47814)

MARC details
000 -LEADER
fixed length control field 00711nam a22002057a 4500
008 - FIXED-LENGTH DATA ELEMENTS--GENERAL INFORMATION
fixed length control field 170112b xxu||||| |||| 00| 0 eng d
020 ## - INTERNATIONAL STANDARD BOOK NUMBER
International Standard Book Number 9871435487369
050 ## - LIBRARY OF CONGRESS CALL NUMBER
Classification number TK7887
Item number .A53 2010
100 ## - MAIN ENTRY--PERSONAL NAME
Personal name Andrews, Jean.
245 ## - TITLE STATEMENT
Title Lab manual A+ guide to hardware :
Remainder of title managing maintaining, and troubleshooting /
Statement of responsibility, etc Jean Andrews, Todd, Verge
246 ## - VARYING FORM OF TITLE
Title proper/short title CompTIA A+ guide to hardware
250 ## - EDITION STATEMENT
Edition statement .
260 ## - PUBLICATION, DISTRIBUTION, ETC. (IMPRINT)
Place of publication, distribution, etc Boston, MA. :
-- Australia
Name of publisher, distributor, etc Course Technology,
Date of publication, distribution, etc 2010.
300 ## - PHYSICAL DESCRIPTION
Extent ix, 306 p. :
Other physical details col. ill. ;
Dimensions 29 cm
500 ## - GENERAL NOTE
General note Includes index
500 ## - GENERAL NOTE
General note Lab manual
650 ## - SUBJECT ADDED ENTRY--TOPICAL TERM
Topical term or geographic name as entry element Microcomputers
General subdivision Maintenance and repair
-- Management.
650 ## - SUBJECT ADDED ENTRY--TOPICAL TERM
Topical term or geographic name as entry element Microcomputers
General subdivision Upgrading.
942 ## - ADDED ENTRY ELEMENTS (KOHA)
Source of classification or shelving scheme Library of Congress Classification
Item type Book
Holdings
Withdrawn status Lost status Source of classification or shelving scheme Damaged status Not for loan Collection code Home library Current library Shelving location Date acquired Source of acquisition Cost, normal purchase price Total Checkouts Full call number Barcode Date last seen Date last borrowed Copy number Price effective from Koha item type
    Library of Congress Classification     Non-fiction Nairobi Campus Nairobi Campus General Circulation 12/01/2017 Donations-BFA 1000.00 2 TK7887 .A53 2010 049293 26/09/2023 15/09/2023 1 12/01/2017 Book